[Event "European Blitz Championship 2021"]
[Site "Katowice"]
[Date "2021.12.17"]
[Round "15.23"]
[White "Malik, Maciej"]
[Black "Papasimakopoulos, Alexandros"]
[Result "1/2-1/2"]
[WhiteElo "1987"]
[BlackElo "2394"]
[Annotator "NA"]
[PlyCount "113"]
[EventDate "2021.12.17"]
[EventType "swiss"]
[EventCountry "POL"]
[SourceTitle "playchess.com"]
[Source "ChessBase"]
[SourceQuality "1"]

1. d4 f5 2. Bg5 c6 3. Nc3 Qb6 4. Rb1 d6 5. h4 Nd7 6. e3 Ngf6 7. Bd3 e6 8. Nge2
Be7 9. Nf4 Nf8 10. Nh5 Nxh5 11. Bxe7 Kxe7 12. Qxh5 h6 13. d5 cxd5 14. Bxf5 Bd7
15. Qg4 Kf7 16. Bd3 Qd8 17. Qf4+ Ke7 18. g4 Qe8 19. g5 Qf7 20. gxh6 Qxf4 21.
exf4 Rxh6 22. f5 d4 23. Ne4 exf5 24. Ng5 g6 25. Kd2 Re8 26. Rbe1+ Kf6 27. Rxe8
Bxe8 28. Nf3 Bc6 29. Be2 Ne6 30. Rh2 Be4 31. Ng5 Nxg5 32. hxg5+ Kxg5 33. f4+
Kxf4 34. Rxh6 g5 35. Rxd6 g4 36. Rxd4 g3 37. Bf1 Kf3 38. Bh3 g2 39. Bxg2+ Kxg2
40. Ke3 Bxc2 41. Kf4 Be4 42. Rd2+ Kf1 43. b4 Ke1 44. Rb2 Kd1 45. a4 a6 46. Ke3
Kc1 47. Rh2 Bc6 48. a5 Kb1 49. Kd3 f4 50. Kc3 f3 51. Rf2 Bd5 52. Rf1+ Ka2 53.
Rf2+ Kb1 54. Rf1+ Ka2 55. Rf2+ Kb1 56. Rf1+ Ka2 57. Rf2+ 1/2-1/2

[Event "European Blitz Championship 2021"]
[Site "Katowice"]
[Date "2021.12.17"]
[Round "15.24"]
[White "Gdanski, Jacek"]
[Black "Janaszak, Dawid"]
[Result "1/2-1/2"]
[WhiteElo "2367"]
[BlackElo "2328"]
[Annotator "NA"]
[PlyCount "114"]
[EventDate "2021.12.17"]
[EventType "swiss"]
[EventCountry "POL"]
[SourceTitle "playchess.com"]
[Source "ChessBase"]
[SourceQuality "1"]

1. e4 c5 2. Nc3 Nc6 3. Nf3 g6 4. Bb5 Nd4 5. Bc4 Bg7 6. Nxd4 cxd4 7. Qf3 Nh6 8.
d3 O-O 9. Ne2 Ng4 10. Bb3 d6 11. Qg3 e5 12. h3 Nf6 13. f4 Be6 14. O-O Bxb3 15.
axb3 Qc7 16. c4 dxc3 17. Nxc3 Qb6+ 18. Kh2 Qxb3 19. f5 a6 20. Qh4 d5 21. exd5
Rac8 22. Bg5 Nh5 23. f6 Bh8 24. Rf2 b5 25. Rxa6 b4 26. Ne4 Qxd5 27. Rd6 Qa8 28.
Bh6 Rfd8 29. g4 Nf4 30. Bxf4 exf4 31. g5 b3 32. Qxf4 Rc2 33. Kg3 Rdc8 34. Rd7
Qc6 35. Qd6 Qxd6+ 36. Nxd6 Rf8 37. Rxc2 bxc2 38. Rc7 h6 39. h4 hxg5 40. hxg5
Rd8 41. Nxf7 Rxd3+ 42. Kf4 c1=Q+ 43. Rxc1 Kxf7 44. Rc7+ Kg8 45. Rc8+ Kh7 46. f7
Bg7 47. f8=Q Bxf8 48. Rxf8 Rb3 49. Rf7+ Kg8 50. Re7 Rxb2 51. Ke5 Rf2 52. Re8+
Kg7 53. Re7+ Kf8 54. Ra7 Rf5+ 55. Ke6 Rxg5 56. Kf6 Rf5+ 57. Kxg6 Rb5 1/2-1/2

[Event "European Blitz Championship 2021"]
[Site "Katowice"]
[Date "2021.12.17"]
[Round "15.24"]
[White "Sliwicki, Damian"]
[Black "Bognar, Csaba"]
[Result "1-0"]
[WhiteElo "2151"]
[BlackElo "2135"]
[Annotator "NA"]
[PlyCount "147"]
[EventDate "2021.12.17"]
[EventType "swiss"]
[EventCountry "POL"]
[SourceTitle "playchess.com"]
[Source "ChessBase"]
[SourceQuality "1"]

1. e4 d6 2. d4 Nf6 3. Nc3 g6 4. Bg5 Nbd7 5. Qd2 h6 6. Bh4 c6 7. O-O-O Qc7 8. f4
Nb6 9. Nf3 Bg4 10. Kb1 O-O-O 11. h3 Bxf3 12. gxf3 Nh5 13. Be2 d5 14. e5 Ng7 15.
Bd3 Re8 16. Rde1 e6 17. Bf6 Rg8 18. Bxg7 Rxg7 19. f5 exf5 20. Qxh6 Rg8 21. Qd2
Rh8 22. Nd1 Bh6 23. f4 Nd7 24. h4 Nf8 25. h5 Ne6 26. hxg6 fxg6 27. Reg1 Bxf4
28. Rxh8 Rxh8 29. Qf2 Rh2 30. Qf1 Qh7 31. c3 g5 32. a4 g4 33. Rxg4 Rh1 34. Rg1
Rh2 35. Rg2 Rh1 36. Rg1 Rh2 37. Bc2 Kc7 38. Rg2 Rh1 39. Rg1 Rh2 40. a5 Rh5 41.
Ka2 Rh2 42. Rg2 Rh1 43. Rg1 Rh2 44. Rg2 Rh1 45. Qf3 Re1 46. Rf2 b6 47. axb6+
Kxb6 48. Qd3 Qh1 49. Qxf5 Rxd1 50. Bxd1 Qxd1 51. b3 Be3 52. Rb2 Nc7 53. Qc2
Qxc2 54. Rxc2 Nb5 55. Kb2 Bg5 56. Rg2 Bd8 57. Rg7 a5 58. e6 Nd6 59. Rd7 Bc7 60.
e7 Kb7 61. Rxd6 Bxd6 62. e8=Q Kb6 63. Qd8+ Bc7 64. Qd7 Kb7 65. Ka3 Kb6 66. Ka4
Kb7 67. b4 axb4 68. cxb4 Kb6 69. b5 cxb5+ 70. Qxb5+ Ka7 71. Qxd5 Bb6 72. Kb5
Bc7 73. Qd7 Ka8 74. Kc6 1-0

[Event "European Blitz Championship 2021"]
[Site "Katowice"]
[Date "2021.12.17"]
[Round "15.25"]
[White "Lubczynski, Rafal"]
[Black "Wilk, Krzysztof"]
[Result "1-0"]
[WhiteElo "2361"]
[BlackElo "2206"]
[Annotator "NA"]
[PlyCount "45"]
[EventDate "2021.12.17"]
[EventType "swiss"]
[EventCountry "POL"]
[SourceTitle "playchess.com"]
[Source "ChessBase"]
[SourceQuality "1"]

1. Nf3 d5 2. c4 c6 3. g3 Bf5 4. Bg2 e6 5. O-O Nf6 6. b3 Nbd7 7. Bb2 Be7 8. d3
O-O 9. Nbd2 Bg6 10. Rc1 Rc8 11. Rc2 a6 12. Qa1 b5 13. cxd5 cxd5 14. Rfc1 Rxc2
15. Rxc2 Qb8 16. Qc1 Rd8 17. Nd4 Bc5 18. Nc6 Qb6 19. Nxd8 Bxf2+ 20. Kh1 h5 21.
Rc8 Kh7 22. Nf3 Be3 23. Qc7 1-0

[Event "European Blitz Championship 2021"]
[Site "Katowice"]
[Date "2021.12.17"]
[Round "15.25"]
[White "Cukrowski, Filip"]
[Black "Lewtak, Dominik"]
[Result "1-0"]
[WhiteElo "2101"]
[BlackElo "2165"]
[Annotator "NA"]
[PlyCount "72"]
[EventDate "2021.12.17"]
[EventType "swiss"]
[EventCountry "POL"]
[SourceTitle "playchess.com"]
[Source "ChessBase"]
[SourceQuality "1"]

1. c4 Nf6 2. Nc3 g6 3. g3 Bg7 4. Bg2 O-O 5. Nf3 b6 6. Ne5 c6 7. O-O Bb7 8. d4
Qc7 9. Bf4 d6 10. Nf3 Nbd7 11. Rc1 e5 12. Bg5 Rfe8 13. d5 a6 14. dxc6 Bxc6 15.
b4 h6 16. Bxf6 Nxf6 17. Qd2 Ne4 18. Nxe4 Bxe4 19. Rfd1 Rad8 20. Qe3 Qb7 21. Ne1
Bxg2 22. Nxg2 d5 23. cxd5 Rxd5 24. Rxd5 Qxd5 25. Qxb6 Qxa2 26. Qc6 Rd8 27. Qc7
Rd2 28. Qb8+ Kh7 29. Qe8 Rxe2 30. Ne3 h5 31. Rc8 Qb1+ 32. Kg2 Qe4+ 33. Kf1 Qf3
34. Qg8+ Kh6 35. Nd1 Rd2 36. Rc1 Qh1# 1-0

[Event "European Blitz Championship 2021"]
[Site "Katowice"]
[Date "2021.12.17"]
[Round "15.26"]
[White "Keinanen, Toivo"]
[Black "Czerw, Dawid"]
[Result "1-0"]
[WhiteElo "2358"]
[BlackElo "2075"]
[Annotator "NA"]
[PlyCount "75"]
[EventDate "2021.12.17"]
[EventType "swiss"]
[EventCountry "POL"]
[SourceTitle "playchess.com"]
[Source "ChessBase"]
[SourceQuality "1"]

1. d4 Nf6 2. Nf3 e6 3. g3 d5 4. Bg2 b5 5. O-O Bb7 6. c3 Nbd7 7. Qb3 a6 8. a4 c5
9. Bg5 Be7 10. Nbd2 O-O 11. e3 h6 12. Bxf6 Nxf6 13. dxc5 Nd7 14. c6 Bxc6 15.
Nd4 bxa4 16. Qa2 Bb5 17. c4 dxc4 18. Bxa8 Qxa8 19. Nxc4 Nc5 20. Rad1 Nb3 21.
Nxb5 axb5 22. Nd2 Nc5 23. Qb1 Bf6 24. b4 Na6 25. Ne4 Be7 26. Rd4 e5 27. Rd7
Bxb4 28. Rc1 a3 29. Qd3 Qb8 30. Rc6 a2 31. Rxa6 Qc8 32. Rxa2 f5 33. Nd2 Kh8 34.
Nf1 Qc1 35. Rd8 e4 36. Rxf8+ Bxf8 37. Qd8 Kg8 38. Ra8 1-0

[Event "European Blitz Championship 2021"]
[Site "Katowice"]
[Date "2021.12.17"]
[Round "15.26"]
[White "Musial, Tomasz"]
[Black "Druckenthaner, Andreas"]
[Result "0-1"]
[WhiteElo "2111"]
[BlackElo "2346"]
[Annotator "NA"]
[PlyCount "58"]
[EventDate "2021.12.17"]
[EventType "swiss"]
[EventCountry "POL"]
[SourceTitle "playchess.com"]
[Source "ChessBase"]
[SourceQuality "1"]

1. d4 g6 2. c4 Bg7 3. Nf3 d6 4. g3 f5 5. Bg2 Nf6 6. O-O e6 7. b4 O-O 8. Bb2 Ne4
9. Nfd2 Nxd2 10. Nxd2 e5 11. d5 Nd7 12. e4 f4 13. Bh3 Nf6 14. Bxc8 Qxc8 15. Kg2
g5 16. f3 g4 17. c5 gxf3+ 18. Rxf3 Ng4 19. Nc4 b5 20. cxb6 axb6 21. b5 Qd7 22.
a4 Rf7 23. Qb3 Raf8 24. Raf1 fxg3 25. hxg3 Qe7 26. Rxf7 Rxf7 27. Rxf7 Qxf7 28.
Qf3 Qh5 29. Kf1 Nh2+ 0-1

[Event "European Blitz Championship 2021"]
[Site "Katowice"]
[Date "2021.12.17"]
[Round "15.27"]
[White "Ortega Ruiz, Jose Miguel"]
[Black "Bjerre, Jonas"]
[Result "0-1"]
[WhiteElo "2317"]
[BlackElo "2201"]
[Annotator "NA"]
[PlyCount "62"]
[EventDate "2021.12.17"]
[EventType "swiss"]
[EventCountry "POL"]
[SourceTitle "playchess.com"]
[Source "ChessBase"]
[SourceQuality "1"]

1. d4 Nf6 2. c4 e6 3. Nf3 c5 4. d5 exd5 5. cxd5 d6 6. Nc3 g6 7. h3 Bg7 8. Bf4
O-O 9. e3 Na6 10. Be2 Nc7 11. a4 Re8 12. O-O Bf5 13. Re1 Ne4 14. Ra3 a6 15. g4
Bc8 16. Nxe4 Rxe4 17. Nd2 Rxf4 18. exf4 Nxd5 19. Ne4 Bd4 20. Rd3 Qb6 21. Rxd4
cxd4 22. Bc4 Nxf4 23. Nf6+ Kg7 24. Ne8+ Kf8 25. Qf3 Qb4 26. Rc1 Qd2 27. Rd1
Nxh3+ 28. Kh2 Qxf2+ 29. Qxf2 Nxf2 30. Rf1 Nxg4+ 31. Kg3 Ne5 0-1

[Event "European Blitz Championship 2021"]
[Site "Katowice"]
[Date "2021.12.17"]
[Round "15.27"]
[White "Zima, Teofil"]
[Black "Piesik, Piotr"]
[Result "0-1"]
[WhiteElo "2020"]
[BlackElo "2336"]
[Annotator "NA"]
[PlyCount "102"]
[EventDate "2021.12.17"]
[EventType "swiss"]
[EventCountry "POL"]
[SourceTitle "playchess.com"]
[Source "ChessBase"]
[SourceQuality "1"]

1. e4 g6 2. d4 Bg7 3. Nc3 c6 4. Nf3 d6 5. h3 Nf6 6. Be3 O-O 7. Qd2 b5 8. a3
Nbd7 9. Bd3 a6 10. Bh6 e5 11. Bxg7 Kxg7 12. O-O c5 13. dxe5 dxe5 14. Nd5 c4 15.
Be2 Nxe4 16. Qe3 Nef6 17. Rad1 Nxd5 18. Rxd5 Bb7 19. Rd6 Qe7 20. Rfd1 Nf6 21.
Nxe5 Rad8 22. Rxd8 Rxd8 23. Rxd8 Qxd8 24. Bf3 Bxf3 25. Nxf3 Qd1+ 26. Ne1 Qd6
27. g3 h5 28. c3 Qd7 29. Kg2 Qd5+ 30. Nf3 Ne4 31. Qd4+ Qxd4 32. Nxd4 Nc5 33.
Nc6 Na4 34. Nb4 a5 35. Nc6 Nxb2 36. Nxa5 Nd1 37. Nc6 Nxc3 38. Nd4 Kf6 39. f4
Ke7 40. g4 hxg4 41. hxg4 Kd6 42. Kf3 Kc5 43. Nc2 Nd5 44. Ke4 Nf6+ 45. Kf3 c3
46. g5 Nd5 47. Ke4 Kc4 48. Ke5 Kd3 49. Nb4+ Nxb4 50. axb4 c2 51. Kf6 c1=Q 0-1

[Event "European Blitz Championship 2021"]
[Site "Katowice"]
[Date "2021.12.17"]
[Round "15.28"]
[White "Grabarczyk, Miroslaw"]
[Black "Seemann, Jakub"]
[Result "1/2-1/2"]
[WhiteElo "2279"]
[BlackElo "2296"]
[Annotator "NA"]
[PlyCount "74"]
[EventDate "2021.12.17"]
[EventType "swiss"]
[EventCountry "POL"]
[SourceTitle "playchess.com"]
[Source "ChessBase"]
[SourceQuality "1"]

1. d4 Nf6 2. c4 g6 3. Nf3 Bg7 4. g3 O-O 5. Bg2 d6 6. Nc3 Nc6 7. O-O Bg4 8. Be3
e5 9. d5 Ne7 10. Bd2 h6 11. h3 Bd7 12. e4 Ne8 13. Qc1 Kh7 14. Qc2 f5 15. exf5
Nxf5 16. Ne4 Nf6 17. Nxf6+ Qxf6 18. Bc3 Rae8 19. Nd2 Nd4 20. Qd1 b5 21. b3 bxc4
22. bxc4 Qe7 23. Ne4 c6 24. dxc6 Bxc6 25. Bxd4 exd4 26. Ng5+ Qxg5 27. Bxc6 Re7
28. Qg4 Qxg4 29. hxg4 Re2 30. Kg2 Rb8 31. Rfe1 Rbb2 32. Rxe2 Rxe2 33. a4 d3 34.
Rd1 Bd4 35. Rxd3 Rxf2+ 36. Kh3 Bc5 37. Rf3 Rxf3 1/2-1/2

[Event "European Blitz Championship 2021"]
[Site "Katowice"]
[Date "2021.12.17"]
[Round "15.28"]
[White "Chojnacki, Slawomir"]
[Black "Janik, Igor"]
[Result "0-1"]
[WhiteElo "2120"]
[BlackElo "2508"]
[Annotator "ChessBase"]
[PlyCount "80"]
[EventDate "2021.12.17"]
[EventType "swiss"]
[EventCountry "POL"]
[SourceTitle "playchess.com"]
[Source "ChessBase"]
[SourceQuality "1"]

1. d4 d6 2. Nf3 g6 3. c3 Bg7 4. Bg5 h6 5. Bh4 Nf6 6. Nbd2 Nbd7 7. e3 e5 8. Bc4
Qe7 9. Ne4 g5 10. Nxf6+ Bxf6 11. Bg3 c6 12. dxe5 dxe5 13. h4 Nb6 14. Bb3 Bg4
15. hxg5 hxg5 16. Rxh8+ Bxh8 17. Qc2 e4 18. Nd4 O-O-O 19. Ne2 f5 20. Rd1 Rxd1+
21. Qxd1 Be5 22. Bxe5 Qxe5 23. Qd4 Nd7 24. Qxa7 Qh2 25. Be6 Qxg2 26. Bxd7+ Kxd7
27. Qxb7+ Kd6 28. Qb8+ Kd7 29. Qg3 Qh1+ 30. Qg1 Qh8 31. Nd4 c5 32. Nb3 Kc6 33.
Qf1 Kb6 34. a4 Qd8 35. a5+ Ka7 36. Nd2 Qxa5 37. f3 Bxf3 38. Nxf3 Qa1+ 39. Kf2
Qxf1+ 40. Kxf1 exf3 0-1

[Event "European Blitz Championship 2021"]
[Site "Katowice"]
[Date "2021.12.17"]
[Round "15.29"]
[White "Andersen, Mads"]
[Black "Kacprzak, Karol"]
[Result "1-0"]
[WhiteElo "2575"]
[BlackElo "2155"]
[Annotator "ChessBase"]
[PlyCount "73"]
[EventDate "2021.12.17"]
[EventType "swiss"]
[EventCountry "POL"]
[SourceTitle "playchess.com"]
[Source "ChessBase"]
[SourceQuality "1"]

1. d4 Nf6 2. c4 c5 3. d5 b5 4. cxb5 a6 5. bxa6 Bxa6 6. Nc3 g6 7. e4 Bxf1 8.
Kxf1 d6 9. Nf3 Bg7 10. g3 O-O 11. Kg2 Nbd7 12. a4 Ra6 13. Qe2 Qa8 14. Ra3 e6
15. dxe6 fxe6 16. Rd1 d5 17. Nb5 Qb7 18. exd5 exd5 19. Bf4 Nh5 20. Bd6 Rf6 21.
Qe8+ Nf8 22. Bxc5 Rfe6 23. Qd8 Rac6 24. Bxf8 Bxf8 25. Qxd5 Qe7 26. Re3 Nf6 27.
Qxc6 Rxc6 28. Rxe7 Bxe7 29. Nfd4 Rc4 30. b3 Rc8 31. a5 Rd8 32. a6 Bc5 33. a7
Ra8 34. Nc6 Kg7 35. Rd8 Rxd8 36. Nxd8 Bxa7 37. Nxa7 1-0

[Event "European Blitz Championship 2021"]
[Site "Katowice"]
[Date "2021.12.17"]
[Round "15.29"]
[White "Kacprzak, Kacper"]
[Black "Goraj, Barbara"]
[Result "0-1"]
[WhiteElo "2245"]
[BlackElo "1902"]
[Annotator "NA"]
[PlyCount "80"]
[EventDate "2021.12.17"]
[EventType "swiss"]
[EventCountry "POL"]
[SourceTitle "playchess.com"]
[Source "ChessBase"]
[SourceQuality "1"]

1. e4 c6 2. d4 d5 3. e5 Bf5 4. h4 h5 5. Bd3 Bxd3 6. Qxd3 e6 7. Bg5 Qb6 8. Nd2
c5 9. Ngf3 Nc6 10. dxc5 Bxc5 11. O-O Nge7 12. a3 Nf5 13. b4 Be7 14. Rfe1 Bxg5
15. hxg5 h4 16. c4 Rd8 17. c5 Qc7 18. Nb3 a6 19. Qd2 Qe7 20. a4 Qc7 21. b5 Nce7
22. Rac1 d4 23. Re4 Nd5 24. Nbxd4 Nxd4 25. Rxd4 h3 26. g3 h2+ 27. Kg2 axb5 28.
axb5 Ra8 29. Nxh2 Qxe5 30. Nf3 Qf5 31. Rh4 Rxh4 32. Nxh4 Qe4+ 33. f3 Qa4 34. c6
Qxb5 35. cxb7 Qxb7 36. Rc2 Qd7 37. Qe2 Rd8 38. Rd2 Qc7 39. f4 Qc3 40. Kh3 Nxf4+
0-1

[Event "European Blitz Championship 2021"]
[Site "Katowice"]
[Date "2021.12.17"]
[Round "15.30"]
[White "Putlak, Wojciech"]
[Black "Kaliszuk, Kamil"]
[Result "0-1"]
[WhiteElo "2153"]
[BlackElo "1830"]
[Annotator "NA"]
[PlyCount "50"]
[EventDate "2021.12.17"]
[EventType "swiss"]
[EventCountry "POL"]
[SourceTitle "playchess.com"]
[Source "ChessBase"]
[SourceQuality "1"]

1. Nf3 Nf6 2. c4 e6 3. g3 d5 4. cxd5 exd5 5. d4 c6 6. Bg2 Bf5 7. O-O Nbd7 8.
Nc3 Be7 9. Bf4 O-O 10. Ne5 Nb6 11. Bg5 Nfd7 12. Bxe7 Qxe7 13. Nxd7 Qxd7 14. Na4
Nxa4 15. Qxa4 Rfe8 16. e3 Bh3 17. Qc2 Bxg2 18. Kxg2 Re6 19. h4 Rae8 20. b4 Re4
21. a4 Rxh4 22. gxh4 Qg4+ 23. Kh2 Qxh4+ 24. Kg2 Qg4+ 25. Kh2 Re6 0-1

[Event "European Blitz Championship 2021"]
[Site "Katowice"]
[Date "2021.12.17"]
[Round "15.30"]
[White "Liodakis, Konstantinos-Spyros"]
[Black "Pultinevicius, Paulius"]
[Result "0-1"]
[WhiteElo "2104"]
[BlackElo "2546"]
[Annotator "ChessBase"]
[PlyCount "60"]
[EventDate "2021.12.17"]
[EventType "swiss"]
[EventCountry "POL"]
[SourceTitle "playchess.com"]
[Source "ChessBase"]
[SourceQuality "1"]

1. e4 c6 2. d4 d5 3. e5 Bf5 4. h4 h5 5. Bg5 Qb6 6. Bd3 Qxd4 7. Nf3 Qg4 8. Bxf5
Qxf5 9. O-O Nd7 10. Re1 e6 11. c4 Bc5 12. Nc3 Ne7 13. cxd5 cxd5 14. Qa4 Nc6 15.
a3 O-O 16. b4 Bb6 17. b5 Na5 18. Rac1 Rfc8 19. Qb4 Rc4 20. Qd6 Rg4 21. Kh1 Rxg2
22. Kxg2 Qg4+ 23. Kf1 Qxf3 24. Be3 Nc4 25. Qxd7 Bxe3 26. Rc2 Qh3+ 27. Ke2 Bxf2
28. Kxf2 Qh2+ 29. Kf3 Qxc2 30. Nxd5 Qd3+ 0-1

[Event "European Blitz Championship 2021"]
[Site "Katowice"]
[Date "2021.12.17"]
[Round "16.1"]
[White "Duda, Jan-Krzysztof"]
[Black "Sadzikowski, Daniel"]
[Result "1-0"]
[WhiteElo "2756"]
[BlackElo "2525"]
[Annotator "TA"]
[PlyCount "53"]
[EventDate "2021.12.17"]
[EventType "swiss"]
[EventCountry "POL"]
[SourceTitle "playchess.com"]
[Source "ChessBase"]
[SourceQuality "1"]

1. d4 Nf6 2. c4 e6 3. Nf3 d5 4. Bg5 dxc4 5. e4 b5 6. a4 c6 7. e5 h6 8. Bh4 g5
9. exf6 gxh4 10. Nc3 Bb4 11. g3 Nd7 12. Bg2 Nxf6 13. Ne5 Nd5 14. O-O Bxc3 15.
bxc3 Bb7 16. Qf3 Qc7 17. Rfe1 a6 18. Qh5 hxg3 19. hxg3 Rf8 20. Bxd5 cxd5 21.
axb5 axb5 22. Rxa8+ Bxa8 23. Qxh6 Qd6 24. Qg7 Bb7 25. Ra1 Ba6 26. g4 Ke7 27.
Ng6+ 1-0

[Event "European Blitz Championship 2021"]
[Site "Katowice"]
[Date "2021.12.17"]
[Round "16.1"]
[White "Pacuszka, Tomasz"]
[Black "Kjartansson, Gudmundur"]
[Result "0-1"]
[WhiteElo "2145"]
[BlackElo "2382"]
[Annotator "NA"]
[PlyCount "34"]
[EventDate "2021.12.17"]
[EventType "swiss"]
[EventCountry "POL"]
[SourceTitle "playchess.com"]
[Source "ChessBase"]
[SourceQuality "1"]

1. e4 c6 2. Nc3 d5 3. d3 g6 4. Nf3 Bg7 5. Be2 d4 6. Nb1 c5 7. O-O Nc6 8. a4 Nf6
9. h3 O-O 10. Bf4 b6 11. Nbd2 a6 12. Bh2 Bb7 13. b3 Nd7 14. Re1 e5 15. Nc4 Qe7
16. Nfd2 b5 17. Nb2 Nb4 0-1

[Event "European Blitz Championship 2021"]
[Site "Katowice"]
[Date "2021.12.17"]
[Round "16.2"]
[White "Klekowski, Maciej"]
[Black "Danielyan, Vahe"]
[Result "1-0"]
[WhiteElo "2499"]
[BlackElo "2332"]
[Annotator "ChessBase"]
[PlyCount "83"]
[EventDate "2021.12.17"]
[EventType "swiss"]
[EventCountry "POL"]
[SourceTitle "playchess.com"]
[Source "ChessBase"]
[SourceQuality "1"]

1. c4 e5 2. Nc3 Bb4 3. Qb3 Nc6 4. e3 Nge7 5. Nf3 d6 6. a3 Bxc3 7. Qxc3 O-O 8.
b4 Bg4 9. Bb2 Ng6 10. Be2 Qe7 11. O-O f5 12. h3 Bh5 13. b5 Nd8 14. Rfe1 Bxf3
15. Bxf3 e4 16. Be2 Ne6 17. f4 Nc5 18. a4 a5 19. Kh2 Rf7 20. Rg1 Nh4 21. g4
Nf3+ 22. Bxf3 exf3 23. gxf5 Ne4 24. Qc2 Re8 25. d3 Nf6 26. e4 Nh5 27. Raf1 Qh4
28. Rg4 Qd8 29. Rxf3 Ree7 30. Rf2 Qe8 31. Rfg2 c6 32. Qc3 Kf8 33. Qxa5 d5 34.
Ba3 dxe4 35. dxe4 Kg8 36. Bxe7 Qxe7 37. e5 Rxf5 38. bxc6 bxc6 39. Qa8+ Rf8 40.
Qxc6 g6 41. Qe4 Qe6 42. Rxg6+ 1-0

[Event "European Blitz Championship 2021"]
[Site "Katowice"]
[Date "2021.12.17"]
[Round "16.2"]
[White "Zylka, Stanislaw"]
[Black "Diermair, Andreas"]
[Result "1-0"]
[WhiteElo "2143"]
[BlackElo "2357"]
[Annotator "NA"]
[PlyCount "53"]
[EventDate "2021.12.17"]
[EventType "swiss"]
[EventCountry "POL"]
[SourceTitle "playchess.com"]
[Source "ChessBase"]
[SourceQuality "1"]

1. e4 e5 2. Nf3 Nc6 3. Bc4 Nf6 4. Ng5 d5 5. exd5 Na5 6. Bb5+ c6 7. dxc6 bxc6 8.
Bd3 Nd5 9. Nf3 Bd6 10. O-O O-O 11. Re1 Re8 12. Nc3 f5 13. Bf1 e4 14. Nxd5 cxd5
15. Nd4 a6 16. d3 Qf6 17. c3 Kh8 18. Qa4 Qd8 19. Bg5 Be7 20. Bxe7 Rxe7 21. b4
Nb7 22. Rad1 Qc7 23. Qb3 Qe5 24. Nc6 Qd6 25. Nxe7 Qxe7 26. Qxd5 Be6 27. Qe5 1-0

[Event "European Blitz Championship 2021"]
[Site "Katowice"]
[Date "2021.12.17"]
[Round "16.3"]
[White "Durarbayli, Vasif"]
[Black "Blohberger, Felix"]
[Result "1-0"]
[WhiteElo "2629"]
[BlackElo "2490"]
[Annotator "RC"]
[PlyCount "85"]
[EventDate "2021.12.17"]
[EventType "swiss"]
[EventCountry "POL"]
[SourceTitle "playchess.com"]
[Source "ChessBase"]
[SourceQuality "1"]

1. e4 c5 2. b3 g6 3. Bb2 Nf6 4. e5 Nd5 5. Nc3 Nxc3 6. dxc3 Bg7 7. f4 Nc6 8. Nf3
O-O 9. Qd2 d6 10. exd6 Qxd6 11. Qxd6 exd6 12. O-O-O Rd8 13. Bc4 Bh6 14. g3 Be6
15. Bd5 Bxd5 16. Rxd5 Ne7 17. Rd3 d5 18. Re1 Kf8 19. Ba3 b6 20. b4 Rac8 21.
bxc5 bxc5 22. c4 d4 23. Nxd4 Rxd4 24. Rxd4 cxd4 25. Rxe7 Kg8 26. Rxa7 g5 27. f5
g4+ 28. Kd1 Be3 29. f6 Bg1 30. Rd7 h5 31. Rd5 Rxc4 32. Rg5+ Kh7 33. Rg7+ Kh6
34. Bf8 Rc8 35. Bd6 Be3 36. a4 Rc6 37. Bf8 Rc8 38. Bb4 Rc4 39. Bf8 Rc8 40. Be7
Ra8 41. Rxf7 Rxa4 42. Rg7 Ra2 43. f7 1-0

[Event "European Blitz Championship 2021"]
[Site "Katowice"]
[Date "2021.12.17"]
[Round "16.3"]
[White "Jagodzinski, Piotr"]
[Black "Krzywda, Andrzej"]
[Result "1-0"]
[WhiteElo "2298"]
[BlackElo "2100"]
[Annotator "NA"]
[PlyCount "81"]
[EventDate "2021.12.17"]
[EventType "swiss"]
[EventCountry "POL"]
[SourceTitle "playchess.com"]
[Source "ChessBase"]
[SourceQuality "1"]

1. Nf3 c5 2. b3 Nc6 3. Bb2 d6 4. e3 e5 5. c4 g6 6. d3 Bg7 7. Nc3 Nge7 8. a3 O-O
9. Be2 a6 10. O-O Rb8 11. Qc2 h6 12. Rfd1 f5 13. Bf1 g5 14. Ne2 Qe8 15. b4 b6
16. b5 axb5 17. cxb5 Nd8 18. d4 e4 19. Nd2 Qg6 20. dxc5 dxc5 21. Nc4 Be6 22.
Bxg7 Qxg7 23. a4 Ng6 24. Ng3 Qc7 25. a5 bxa5 26. b6 Qc6 27. Rd6 Qb7 28. Rad1
Bf7 29. Nxf5 Ne6 30. Nxh6+ Kg7 31. Qc3+ Kxh6 32. Nxa5 Qc8 33. b7 Rxb7 34. Nxb7
Qxb7 35. Rd7 Qc6 36. R1d6 Qc8 37. Bc4 Nd8 38. Qf6 Rg8 39. Bxf7 Nxf7 40. Qxf7
Qe8 41. Qh7# 1-0

[Event "European Blitz Championship 2021"]
[Site "Katowice"]
[Date "2021.12.17"]
[Round "16.4"]
[White "Przybylski, Wojciech"]
[Black "Szczurek, Krzysztof"]
[Result "0-1"]
[WhiteElo "2247"]
[BlackElo "2088"]
[Annotator "NA"]
[PlyCount "74"]
[EventDate "2021.12.17"]
[EventType "swiss"]
[EventCountry "POL"]
[SourceTitle "playchess.com"]
[Source "ChessBase"]
[SourceQuality "1"]

1. e4 c5 2. Nf3 d6 3. Bb5+ Bd7 4. Bxd7+ Nxd7 5. c4 Ngf6 6. Nc3 g6 7. O-O Bg7 8.
d4 O-O 9. h3 a6 10. Be3 Qc7 11. Rc1 Rac8 12. b3 Rfd8 13. Qd2 cxd4 14. Nxd4 Nc5
15. f3 Qd7 16. Nd5 Qe8 17. b4 Ncd7 18. Nb3 Ne5 19. Qe2 e6 20. Nb6 Rb8 21. f4
Ned7 22. e5 dxe5 23. fxe5 Ne4 24. Qf3 f5 25. exf6 Ndxf6 26. Rfe1 Qe7 27. Nc5
Nxc5 28. Bxc5 Qf7 29. Qe2 Re8 30. Rcd1 e5 31. Bd6 Rbd8 32. c5 e4 33. Nc4 Nd5
34. Rf1 Nc3 35. Qc2 Qxc4 36. Rde1 Be5 37. Re2 Nxe2+ 0-1

[Event "European Blitz Championship 2021"]
[Site "Katowice"]
[Date "2021.12.17"]
[Round "16.4"]
[White "Lewtak, Damian"]
[Black "Pakleza, Zbigniew"]
[Result "0-1"]
[WhiteElo "2203"]
[BlackElo "2496"]
[Annotator "ChessBase"]
[PlyCount "72"]
[EventDate "2021.12.17"]
[EventType "swiss"]
[EventCountry "POL"]
[SourceTitle "playchess.com"]
[Source "ChessBase"]
[SourceQuality "1"]

1. c3 d5 2. d4 Bf5 3. Bf4 e6 4. Nd2 Nf6 5. e3 Bd6 6. Ngf3 Bxf4 7. exf4 O-O 8.
Ne5 Nbd7 9. Be2 c5 10. g4 Be4 11. Rg1 cxd4 12. cxd4 Nxe5 13. fxe5 Nd7 14. Nxe4
dxe4 15. Qc2 e3 16. fxe3 Qh4+ 17. Kd2 Nb6 18. Qe4 Nd5 19. Rac1 Rfd8 20. Rgf1
Rd7 21. a3 Rad8 22. Rc2 g6 23. b4 a6 24. Rcc1 Qg5 25. Rf3 Nxb4 26. Ke1 Nd5 27.
h3 b5 28. Kf2 Nb6 29. Kg3 Rxd4 30. Qc6 Qxe5+ 31. Kg2 Rd2 32. Qxb6 Rxe2+ 33. Kf1
Red2 34. Qb7 R2d7 35. Qxa6 Qb2 36. Qc6 Rd1+ 0-1